Statistics for Countries with the Most People in Extreme Poverty

Click here to take the quiz!

General Stats

  • This quiz has been taken 17,737 times
    (2,879 since last reset)
  • The average score is 17 of 24

Answer Stats

# % Country % Correct
37.0 m2.7India
93%
14.9 m63.9Niger
90%
62.0 m71.4D.R. Congo
90%
95.9 m47.7Nigeria
88%
9.8 m22.9Sudan
85%
27.5 m24.5Ethiopia
85%
7.6 m48.9Somalia
81%
8.9 m80.3South Sudan
79%
8.6 m16.3Kenya
78%
10.8 m6.6Bangladesh
77%
23.8 m41.1Tanzania
74%
10.8 m4.0Indonesia
73%
9.1 m4.3Brazil
72%
13.7 m31.0Uganda
71%
14.4 m24.5South Africa
70%
17.1 m56.2Mozambique
67%
9.5 m53.0Zambia
66%
14.4 m37.8Afghanistan
65%
8.2 m28.8Venezuela
56%
15.1 m58.8North Korea
54%
12.6 m67.5Malawi
54%
16.2 m55.6Yemen
53%
20.6 m76.4Madagascar
50%
8.9 m77.2Burundi
47%

Score Distribution

Percentile by Number Answered

Percent of People with Each Score

Your Score History

You have not taken this quiz since the last reset